| 000 | 00431pab a2200157 454500 | ||
|---|---|---|---|
| 008 | 180718b1988 xxu||||| |||| 00| 0 eng d | ||
| 100 | _aChandrasekaran, K.A | ||
| 245 | _aJoint training programme for DMs and SPs - an impact analysis | ||
| 260 | _c1988 | ||
| 300 | _a21-30 | ||
| 362 | _aApr.-Dec. | ||
| 650 | _aTraining - District Administration | ||
| 700 | _aA.K. Arora | ||
| 773 | _aManagement in Government | ||
| 909 | _a19441 | ||
| 999 |
_c19441 _d19441 |
||